| 000 | 01107cam a2200253 4500 | ||
|---|---|---|---|
| 001 | ABS61310 | ||
| 008 | 000000n1999 000 0 eng u | ||
| 035 | _a(Sirsi) u100930 | ||
| 100 | _aPemble, S. | ||
| 245 | _aAdjudication summary | ||
| 260 | _c1999 | ||
| 490 |
_aEstates Gazette _v(9937) 18 September 1999, 170(1) |
||
| 520 | _aSeveral recent cases have clarified the status of adjudicators' awards under the Construction Act. Briefly discusses some cases and sets out key points. | ||
| 590 | _aABS | ||
| 650 | _aMANAGEMENT-DISPUTE AVOIDANCE, MANAGEMENT AND RESOLUTION-DISPUTE MANAGEMENT AND RESOLUTION-ALTERNATIVE DISPUTE RESOLUTION-ADJUDICATION | ||
| 650 | _aMACOB CIVIL ENGINEERING LTD V MORRISON CONSTRUCTION LTD | ||
| 650 | _aOUTWING CONSTRUCTION LTD V H RANDELL AND SONS LTD | ||
| 650 | _aA & D MAINTENANCE CONSTRUCTION LTD V PAGEHURST CONSTRUCTION SERVICES LTD | ||
| 650 | _aTHE PROJECT CONSULTANCY GROUP V THE TRUSTEES OF THE GRAY TRUST | ||
| 650 | _aHOUSING GRANTS CONSTRUCTION AND REGENERATION ACT 1996 | ||
| 690 | _aBUILT ENVIRONMENT | ||
| 700 | _aGarrett, A. | ||
| 942 | _n0 | ||
| 999 |
_c60256 _d60256 |
||